00387nam a22000977a 4500008004100000100001700041245010700058260004600165300003200211773004600243230628b ||||| |||| 00| 0 eng d aVohra, N.N.  aBuilding a strong India each organ of constitutional framework must function with efficiency & honesty aIndian Journal of Public Administration  a69(2), Jun, 2023: p.482-486 aIndian Journal of Public Administration